000 00809nam a2200253Ia 4500
003 OSt
005 20221005112138.0
006 a|||||r|||| 00| 0
007 ta
008 221004b |||||||| |||| 00| 0 pan d
020 _a8172054947 (hbk)
024 _a17944
037 _bGift, 26/05/2015,
_cTextual
040 _aCRL
_cCRL
_bpan
041 _2pan
_apan
082 _aQ8441:21:g, 153N4;Q3
100 _aਸਿੰਘ, ਸੂਰਤ
245 0 _aਸਿੱਖਾਂ ਦੀ ਭਗਤਮਾਲਾ
260 _aਅੰਮ੍ਰਿਤਸਰ
_bਸਿੰਘ ਬ੍ਰਦਰਗ਼ ਭਾਰਤ
_c2013
300 _a420ਪੰ
_ccm.
650 _aਧਰਮ
942 _hQ8441:21:g, 153N4;Q3
_cTEXL
_2cc
999 _c1023953
_d1023953